000 00919nas a2200301 4500
001 BR0000795
003 BR-BrBNA
005 20231205101740.0
007 ta
008 230509b bl.|||p| |||| 00| 00por d
040 _aBR-BrBNA
_bpor
_cBiblioteca Nacional de Agricultura
041 _a(Pt)
072 _aL53
100 1 _aRoncoletta, M.
100 1 _aMorani, E.S.C.
100 1 _aRodrigues, L.H.
100 1 _aSilva, C. da O.
100 1 _aFranceschini, P.H.
100 1 _aRamos, P.R.R.
245 1 _aComparacao do perfil proteico de membrana de espermatozoides do semen fresco, diluido e pos-congelacao
650 _aTouro
650 _aEspermatozoide
650 _aMembrana
650 _aProteina
773 0 _tRevista Brasileira de Reproducao Animal (Brazil)
_xISSN 0102-0803
_g(Jul-Sep 1999), v. 23(3) p. 226-228
_wBR0000795
909 _a202311
_bLúcia
_c55
_dLúcia Elande
942 _2AGRIS
_n0
_cANA
999 _c163642
_d163642